| 000 -LEADER |
| fixed length control field |
01123cam a22002294i 4500 |
| 001 - CONTROL NUMBER |
| control field |
18367318 |
| 005 - DATE AND TIME OF LATEST TRANSACTION |
| control field |
20221111113657.0 |
| 008 - FIXED-LENGTH DATA ELEMENTS--GENERAL INFORMATION |
| fixed length control field |
141110s2015 enk b 001 0 eng |
| 020 ## - INTERNATIONAL STANDARD BOOK NUMBER |
| International Standard Book Number |
9781137378439x |
| 041 ## - LANGUAGE CODE |
| Language code of text/sound track or separate title |
eng |
| 080 ## - UNIVERSAL DECIMAL CLASSIFICATION NUMBER |
| Universal Decimal Classification number |
32(4) Th-44 |
| 245 04 - TITLE STATEMENT |
| Title |
The EU and the non-proliferation of nuclear weapons : |
| Remainder of title |
strategies, policies, actions / |
| Statement of responsibility, etc. |
edited by Spyros Blavoukos, Dimitrios Bourantonis, Clara Portela. |
| 264 #1 - PRODUCTION, PUBLICATION, DISTRIBUTION, MANUFACTURE, AND COPYRIGHT NOTICE |
| Place of production, publication, distribution, manufacture |
New York, NY : |
| Name of producer, publisher, distributor, manufacturer |
Palgrave Macmillan, |
| Date of production, publication, distribution, manufacture, or copyright notice |
2015. |
| 300 ## - PHYSICAL DESCRIPTION |
| Extent |
xvi, 264 pages ; |
| Dimensions |
23 cm. |
| 653 ## - INDEX TERM--UNCONTROLLED |
| keyword |
The EU and the non-proliferation of nuclear weapons : strategies, policies, actions |
| 653 ## - INDEX TERM--UNCONTROLLED |
| keyword |
ევროკავშირი და ბირთვული იარაღის გაუვრცელებლობა : სტრატეგიები, პოლიტიკა, ქმედებები |
| 653 ## - INDEX TERM--UNCONTROLLED |
| keyword |
პოლიტიკა |
| 700 1# - ADDED ENTRY--PERSONAL NAME |
| Personal name |
Blavoukos, Spyros. |
| 9 (RLIN) |
11400 |
| Relator term |
რედაქტორი |
| 700 1# - ADDED ENTRY--PERSONAL NAME |
| Personal name |
Bourantonis, Dimitris |
| 9 (RLIN) |
11401 |
| Relator term |
რედაქტორი |
| 700 1# - ADDED ENTRY--PERSONAL NAME |
| Personal name |
Portela, Clara. |
| 9 (RLIN) |
11402 |
| Relator term |
რედაქტორი |
| 942 ## - ADDED ENTRY ELEMENTS (KOHA) |
| Source of classification or shelving scheme |
|
| Koha item type |
წიგნი |